000
00391nam a2200157Ia 4500
008
100204s9999 xx 000 0 und d
082
_b
10813
100
_a
रायकर प्रतिभा
245
_a
विस्मृती
250
_a
0
260
_c
1988
300
_a
204
630
_a
विस्मृती
730
_a
विस्मृती
942
_c
BOOK
999
_c
455249
_d
455246